000 00621nam a22002177a 4500
003 UA-OsUOA
001 39553
007 ta
008 20060621b un ||||| |||| 00| 0 ukr d
100 _aЛиванова Т.
090 _a781(091)(415)
_bЛ55
942 _cBK
040 _aUA-OsUOA
_cUA-OsUOA
_dUA-OsUOA
245 _aИстория западно-европейской музыки до 1789 года
300 _a696 с.
955 _a0
080 _a781(091)(415)
260 _aМ.
_bМузыка
_c1983
650 7 _a781 Теорія музики. Загальні питання
_2UDC
999 _c325698
_d325698